New Testament introduction (Record no. 2238)

MARC details
000 -LEADER
fixed length control field 00716cam a2200229 a 4500
001 - CONTROL NUMBER
control field 671852
003 - CONTROL NUMBER IDENTIFIER
control field GBCCL
005 - DATE AND TIME OF LATEST TRANSACTION
control field 20241126110424.0
008 - FIXED-LENGTH DATA ELEMENTS--GENERAL INFORMATION
fixed length control field 950919s1995 miu b 000 0 eng
010 ## -
-- 95025608
040 ## - CATALOGING SOURCE
Original cataloging agency DLC
Transcribing agency DLC
Modifying agency DLC
082 00 - DEWEY DECIMAL CLASSIFICATION NUMBER
Classification number 225.61
Edition information 20
Item number HAD
100 1# - MAIN ENTRY--PERSONAL NAME
Personal name Hadjiantoniou, George A.
9 (RLIN) 4612
245 10 - TITLE STATEMENT
Title New Testament introduction
260 ## - PUBLICATION, DISTRIBUTION, ETC.
Place of publication, distribution, etc. Chicago :
Name of publisher, distributor, etc. Moody press,
Date of publication, distribution, etc. 1957
300 ## - PHYSICAL DESCRIPTION
Extent 352p. ;
Dimensions 22 cm.
500 ## - GENERAL NOTE
General note Includes bibligraphy and index.
630 00 - SUBJECT ADDED ENTRY--UNIFORM TITLE
Uniform title Bible.
Name of part/section of a work New Testament
General subdivision Introductions
9 (RLIN) 2747
906 ## - LOCAL DATA ELEMENT F, LDF (RLIN)
a 7
b cbc
c orignew
d 1
e ocip
f 19
g y-gencatlg
942 ## - ADDED ENTRY ELEMENTS (KOHA)
Source of classification or shelving scheme Dewey Decimal Classification
Koha item type Books
Koha issues (borrowed), all copies 38
Holdings
Withdrawn status Lost status Source of classification or shelving scheme Damaged status Not for loan Home library Current Library Shelving location Date acquired Total checkouts Total renewals Full call number Barcode Date last seen Date last checked out Copy number Price effective from Koha item type
    Dewey Decimal Classification     GRACE BIBLE COLLEGE GRACE BIBLE COLLEGE Biblical Studies 2017-07-19 44 3 225.61 HAD 007156 2025-09-22 2025-09-15 c.1 2017-07-19 Books
© Grace Bible College Library 2025